| 000 | 00491nam a22001817a 4500 | ||
|---|---|---|---|
| 005 | 20240326144921.0 | ||
| 008 | 240326b |||||||| |||| 00| 0 eng d | ||
| 020 | _a9780470178454 | ||
| 082 |
_a005.74 _bSIL-D |
||
| 100 | _aSilverston, Len | ||
| 245 |
_aThe data model resource book / _cPaul Agnew |
||
| 260 |
_aindia: _bPearson; _c2009. |
||
| 300 |
_axxv, 606 P. : _bill; _c22 cm. |
||
| 500 | _ainclude index. | ||
| 650 | _acomputer science/Database | ||
| 700 | _aPaul Agnew | ||
| 999 |
_c35474 _d35474 |
||